000
00296cam a2200121ua 4500
082
_a
519.507 2
_b
WEI/ST
100
_a
Weiss, Robert S .
_9
1635
245
_a
Statistics in Social Research /
250
_a
1 /
260
_a
London :
_b
John Wiley & Sons ,
_c
1968.
300
_a
369 ; .
942
_c
BK
999
_c
9133
_d
9133